[Event "OP-2021-0-05121"]
[Site "LSS email"]
[Date "2021.03.23"]
[Round "?"]
[White "Kubat, Slavko"]
[Black "Shim Ng Min, Francis"]
[Result "1-0"]
[WhiteElo "1832"]
[BlackElo "1066"]
[PlyCount "43"]
[EventDate "2021.03.18"]
[EventType "tourn (corr)"]
[EventRounds "4"]
[EventCountry "GER"]
[SourceTitle "Corr 2024"]
[Source "ChessBase"]
[SourceDate "2023.10.19"]
[SourceVersion "1"]
[SourceVersionDate "2023.10.19"]
[SourceQuality "1"]

1. d4 Nf6 2. Nf3 d5 3. e3 e6 4. Bd3 Be7 5. 0-0 0-0 6. b3 c5 7. Bb2 Nc6 8. Nbd2 cxd4 9. exd4 Bd7 10. a3 Rc8 11. Re1 h6 12. Ne5 Qb6 13. Ndf3 Rfd8 14. Qd2 Be8 15. h3 Nxe5 16. Nxe5 Bb5 17. c4 dxc4 18. bxc4 Ba4 19. Qe2 Qc7 20. Rac1 Qb8 21. Nxf7 Kxf7 22. Qxe6+ 1-0

[Event "OP-2020-0-04998"]
[Site "LSS email"]
[Date "2020.07.21"]
[Round "?"]
[White "Kubat, Slavko"]
[Black "Reede, Arvo"]
[Result "1/2-1/2"]
[WhiteElo "1854"]
[BlackElo "1525"]
[PlyCount "47"]
[EventDate "2020.07.16"]
[EventType "tourn (corr)"]
[EventRounds "4"]
[EventCountry "GER"]
[SourceTitle "Corr 2022"]
[Source "ChessBase"]
[SourceDate "2021.10.24"]
[SourceVersion "1"]
[SourceVersionDate "2021.10.24"]
[SourceQuality "1"]

1. d4 Nf6 2. Nf3 e6 3. e3 c5 4. Bd3 d5 5. b3 Be7 6. 0-0 Nc6 7. Bb2 0-0 8. Nbd2 cxd4 9. exd4 b6 10. a3 Bd6 11. Re1 Bb7 12. Ne5 Ne7 13. Qf3 Ng6 14. g3 Qe7 15. Qe2 Rfd8 16. c4 dxc4 17. Nexc4 Rac8 18. Ne4 Bxe4 19. Bxe4 Nxe4 20. Qxe4 Bc7 21. Ne3 Bd6 22. Nc4 Bc7 23. Rad1 Qd7 24. Ne3 1/2-1/2

[Event "OP-2020-0-04978"]
[Site "LSS email"]
[Date "2020.05.28"]
[Round "?"]
[White "Bieszk, Stanislaw"]
[Black "Kubat, Slavko"]
[Result "0-1"]
[WhiteElo "823"]
[BlackElo "1838"]
[PlyCount "48"]
[EventDate "2020.05.23"]
[EventType "tourn (corr)"]
[EventRounds "4"]
[EventCountry "GER"]
[SourceTitle "Corr 2022"]
[Source "ChessBase"]
[SourceDate "2021.10.24"]
[SourceVersion "1"]
[SourceVersionDate "2021.10.24"]
[SourceQuality "1"]

1. e4 e5 2. Nf3 Nc6 3. Bb5 a6 4. Ba4 Nf6 5. 0-0 b5 6. Bb3 Bc5 7. Nc3 0-0 8. Nxe5 Nxe5 9. d4 Bxd4 10. Qxd4 d6 11. a4 c5 12. Qd1 c4 13. Ba2 h6 14. axb5 axb5 15. Be3 Rb8 16. b3 b4 17. bxc4 bxc3 18. f3 Ba6 19. Qe2 Rc8 20. Bd4 Bxc4 21. Bxc4 Nxc4 22. Bxc3 Qb6+ 23. Kh1 Qe3 24. Rfe1 Qxc3 0-1

[Event "OP-2019-0-04718"]
[Site "LSS email"]
[Date "2019.01.25"]
[Round "?"]
[White "Pech, Jaroslav Sr"]
[Black "Kubat, Slavko"]
[Result "1-0"]
[WhiteElo "1751"]
[BlackElo "1864"]
[PlyCount "71"]
[EventDate "2019.01.18"]
[EventType "tourn (corr)"]
[EventRounds "4"]
[EventCountry "GER"]
[SourceTitle "Corr 2022"]
[Source "ChessBase"]
[SourceDate "2021.10.24"]
[SourceVersion "1"]
[SourceVersionDate "2021.10.24"]
[SourceQuality "1"]

1. e4 e5 2. Nf3 Nc6 3. Bb5 a6 4. Ba4 Nf6 5. 0-0 b5 6. Bb3 Bc5 7. c3 d6 8. d4 Bb6 9. a4 Bg4 10. h3 Bh5 11. Bg5 Rb8 12. axb5 axb5 13. d5 Na7 14. Qe2 h6 15. Bh4 g5 16. Bg3 0-0 17. Rd1 Nd7 18. Nbd2 f5 19. exf5 Rxf5 20. Bc2 Rf7 21. Bh2 Qf6 22. Ne4 Qg7 23. Ng3 Bg6 24. Bxg6 Qxg6 25. Ne4 Kh8 26. Nfd2 Rg8 27. Ra3 Ra8 28. Rda1 Nf6 29. Nxf6 Qxf6 30. Ne4 Qg6 31. Kh1 Kh7 32. f3 c5 33. Ra6 Rb8 34. Nxd6 Qxd6 35. Bxe5 Qe7 36. Qe4+ 1-0

[Event "OP-2014-0-03391"]
[Site "LSS email"]
[Date "2014.05.03"]
[Round "?"]
[White "Amuso, Jose Alberto"]
[Black "Kubat, Slavko"]
[Result "0-1"]
[WhiteElo "906"]
[BlackElo "1805"]
[PlyCount "28"]
[EventDate "2014.04.18"]
[EventType "tourn (corr)"]
[EventRounds "4"]
[EventCountry "GER"]
[SourceTitle "Corr 2015"]
[Source "ChessBase"]
[SourceDate "2015.07.17"]
[SourceVersion "1"]
[SourceVersionDate "2015.07.17"]
[SourceQuality "1"]

1. Nf3 Nf6 2. Nc3 d5 3. d4 Bf5 4. Bg5 Nbd7 5. Nh4 Bg4 6. h3 Bh5 7. f3 c6 8. g4 Bg6 9. Nxg6 hxg6 10. Bxf6 gxf6 11. e4 e6 12. a3 Qc7 13. Bd3 Qg3+ 14. Kd2 Bh6+ 0-1

[Event "OP-2014-0-03391"]
[Site "LSS email"]
[Date "2014.05.03"]
[Round "?"]
[White "Kubat, Slavko"]
[Black "Correa de Almeida, Claudio"]
[Result "1-0"]
[WhiteElo "1805"]
[BlackElo "1464"]
[PlyCount "29"]
[EventDate "2014.04.18"]
[EventType "tourn (corr)"]
[EventRounds "4"]
[EventCountry "GER"]
[SourceTitle "Corr 2015"]
[Source "ChessBase"]
[SourceDate "2015.07.17"]
[SourceVersion "1"]
[SourceVersionDate "2015.07.17"]
[SourceQuality "1"]

1. d4 Nf6 2. Nf3 e6 3. e3 c5 4. Bd3 b6 5. 0-0 Bb7 6. c4 Be7 7. Nc3 cxd4 8. exd4 d5 9. cxd5 Nxd5 10. Ne5 0-0 11. Qh5 Nf6 12. Qh4 Ne4 13. Qh5 Nf6 14. Qh4 Nd5 15. Qxh7# 1-0

[Event "OP-2014-0-03391"]
[Site "LSS email"]
[Date "2014.05.03"]
[Round "?"]
[White "Kubat, Slavko"]
[Black "Digiglio, Rafael"]
[Result "1-0"]
[WhiteElo "1805"]
[BlackElo "706"]
[PlyCount "33"]
[EventDate "2014.04.18"]
[EventType "tourn (corr)"]
[EventRounds "4"]
[EventCountry "GER"]
[SourceTitle "Corr 2015"]
[Source "ChessBase"]
[SourceDate "2015.07.17"]
[SourceVersion "1"]
[SourceVersionDate "2015.07.17"]
[SourceQuality "1"]

1. d4 c6 2. e4 d6 3. Nc3 d5 4. Bd3 dxe4 5. Nxe4 Qxd4 6. Nf3 Qd5 7. Qe2 Bg4 8. Bf4 f5 9. Nd6+ Kd7 10. Bc4 Bxf3 11. gxf3 Qa5+ 12. Bd2 Qxd2+ 13. Kxd2 exd6 14. Bxg8 Rxg8 15. Rae1 Na6 16. Qe6+ Kc7 17. Qxg8 1-0

[Event "LSS No Engine Cup 94 Preliminary 0"]
[Site "LSS email"]
[Date "2013.09.08"]
[Round "?"]
[White "Kapatos, Endre"]
[Black "Kubat, Slavko"]
[Result "0-1"]
[WhiteElo "1523"]
[BlackElo "1846"]
[PlyCount "100"]
[EventDate "2013.09.09"]
[EventType "tourn (corr)"]
[EventRounds "6"]
[EventCountry "GER"]
[SourceTitle "Corr 2022"]
[Source "ChessBase"]
[SourceDate "2021.10.24"]
[SourceVersion "1"]
[SourceVersionDate "2021.10.24"]
[SourceQuality "1"]

1. e4 e5 2. Nf3 Nc6 3. d4 exd4 4. Nxd4 Nf6 5. Nxc6 bxc6 6. e5 Qe7 7. Qe2 Nd5 8. c4 Ba6 9. Nd2 g6 10. Nf3 Qb4+ 11. Kd1 Rb8 12. Qc2 Ne7 13. Qb3 c5 14. Qxb4 cxb4 15. Kc2 Bg7 16. b3 f6 17. Bb2 0-0 18. Rd1 Rbd8 19. c5 Bb7 20. Bc4+ Kh8 21. e6 dxe6 22. Bxe6 Be4+ 23. Kc1 Bh6+ 24. Nd2 Bxg2 25. Rhe1 Bf3 26. Bc4 Bxd1 27. Rxd1 Kg7 28. Kc2 Rxd2+ 29. Rxd2 Bxd2 30. Kxd2 Rd8+ 31. Kc2 c6 32. Bc1 Nd5 33. Bd2 a5 34. Bc1 Kf8 35. Ba6 Ke7 36. Bd2 Kd7 37. Bf1 Re8 38. Kd3 f5 39. Kc2 f4 40. Kd3 g5 41. Be2 Nc3 42. Bg4+ Kc7 43. Bxc3 bxc3 44. Kxc3 Re1 45. h3 Rc1+ 46. Kd2 Rxc5 47. Be2 Kd6 48. Bg4 Re5 49. Bf3 Kc5 50. a3 Kd4 0-1

[Event "LSS No Engine Cup 94 Preliminary 0"]
[Site "LSS email"]
[Date "2013.09.08"]
[Round "?"]
[White "Kubat, Slavko"]
[Black "Chamberlain, Edwin"]
[Result "1-0"]
[WhiteElo "1846"]
[BlackElo "1335"]
[PlyCount "57"]
[EventDate "2013.09.09"]
[EventType "tourn (corr)"]
[EventRounds "6"]
[EventCountry "GER"]
[SourceTitle "Corr 2022"]
[Source "ChessBase"]
[SourceDate "2021.10.24"]
[SourceVersion "1"]
[SourceVersionDate "2021.10.24"]
[SourceQuality "1"]

1. d4 g6 2. e4 Bg7 3. Nc3 c5 4. dxc5 Bxc3+ 5. bxc3 Qa5 6. Qd4 Nf6 7. Qb4 Qxb4 8. cxb4 Nxe4 9. Bb2 0-0 10. f3 Nf6 11. 0-0-0 Nc6 12. a3 b6 13. cxb6 axb6 14. Bc4 d6 15. Bxf6 exf6 16. Kb2 Ne5 17. Bb3 Bf5 18. Ne2 Rfc8 19. Nc3 Rd8 20. Rd4 Rac8 21. Rhd1 Rc6 22. b5 Rc5 23. Rxd6 Rdc8 24. Rd8+ Kg7 25. Rxc8 Rxc8 26. Rd6 Nd7 27. g4 Be6 28. Bxe6 fxe6 29. Rxd7+ 1-0

[Event "LSS No Engine Cup 94 Preliminary 0"]
[Site "LSS email"]
[Date "2013.09.08"]
[Round "?"]
[White "Obrien, Glenn"]
[Black "Kubat, Slavko"]
[Result "0-1"]
[WhiteElo "1694"]
[BlackElo "1846"]
[PlyCount "72"]
[EventDate "2013.09.09"]
[EventType "tourn (corr)"]
[EventRounds "6"]
[EventCountry "GER"]
[SourceTitle "Corr 2022"]
[Source "ChessBase"]
[SourceDate "2021.10.24"]
[SourceVersion "1"]
[SourceVersionDate "2021.10.24"]
[SourceQuality "1"]

1. e4 e5 2. Nf3 Nc6 3. Bb5 a6 4. Ba4 Nf6 5. 0-0 b5 6. Bb3 Bc5 7. c3 d6 8. d4 Bb6 9. Bg5 h6 10. Bh4 g5 11. Bg3 Bg4 12. Qd3 Bxf3 13. Qxf3 exd4 14. a4 dxc3 15. bxc3 Rb8 16. Bd5 Nxd5 17. exd5 Ne5 18. Qe2 0-0 19. axb5 axb5 20. Na3 Qd7 21. Rfb1 Ng6 22. Nxb5 f5 23. Qd3 Qg7 24. Nd4 Bxd4 25. Rxb8 Rxb8 26. cxd4 f4 27. Qc2 fxg3 28. hxg3 Qf7 29. Qc6 Re8 30. Rb1 Re7 31. Rc1 Nf8 32. f3 Nh7 33. Ra1 Nf6 34. Ra5 Re1+ 35. Kf2 Qe7 36. Ra8+ Kg7 0-1

[Event "OP-2013-0-02832"]
[Site "LSS email"]
[Date "2013.06.20"]
[Round "?"]
[White "Kubat, Slavko"]
[Black "Couspeyre, Thierry"]
[Result "1-0"]
[WhiteElo "1784"]
[BlackElo "1200"]
[PlyCount "57"]
[EventDate "2013.06.17"]
[EventType "tourn (corr)"]
[EventRounds "4"]
[EventCountry "GER"]
[SourceTitle "Telechess CBM 161"]
[Source "ChessBase"]
[SourceDate "2014.07.16"]
[SourceVersion "1"]
[SourceVersionDate "2014.07.16"]
[SourceQuality "1"]

1. d4 Nf6 2. Nf3 d5 3. e3 g6 4. b3 Bg7 5. Bb2 0-0 6. Nbd2 Bf5 7. Be2 c6 8. 0-0 Nbd7 9. c4 Ne4 10. Nxe4 Bxe4 11. Nd2 Bf5 12. Bf3 Nf6 13. Re1 h5 14. e4 dxe4 15. Nxe4 Nxe4 16. Bxe4 Bxe4 17. Rxe4 c5 18. Qe1 Re8 19. Rd1 Qc7 20. Rd2 cxd4 21. Bxd4 Bxd4 22. Rexd4 Rad8 23. Qd1 Rxd4 24. Rxd4 e6 25. Rd7 Qc6 26. Qd4 a6 27. h3 Rc8 28. Rd6 Qc5 29. Rd8+ 1-0

[Event "SC-2011-0-00106"]
[Site "LSS email"]
[Date "2011.07.02"]
[Round "?"]
[White "Johnson, Heinrich"]
[Black "Kubat, Slavko"]
[Result "1-0"]
[WhiteElo "1784"]
[BlackElo "1785"]
[PlyCount "81"]
[EventDate "2011.05.25"]
[EventType "tourn (corr)"]
[EventRounds "6"]
[EventCountry "GER"]
[SourceTitle "Telechess CBM 157"]
[Source "ChessBase"]
[SourceDate "2013.11.12"]
[SourceVersion "1"]
[SourceVersionDate "2013.11.12"]
[SourceQuality "1"]

1. e4 e5 2. Nf3 Nc6 3. Bb5 Nd4 4. Nxd4 exd4 5. 0-0 Bc5 6. Bc4 d6 7. d3 Ne7 8. Bg5 0-0 9. Nd2 Kh8 10. Bh4 f6 11. Qh5 Qe8 12. Qxe8 Rxe8 13. f4 a6 14. Rae1 b5 15. Bb3 Bb7 16. Nf3 Bb6 17. g4 c5 18. g5 Ng6 19. gxf6 Nxh4 20. fxg7+ Kxg7 21. Nxh4 Bc8 22. Rf3 Bc7 23. Bd5 Ra7 24. Kf2 Be6 25. Rg3+ Kh8 26. Bxe6 Rxe6 27. Reg1 Ra8 28. Rg7 Ba5 29. Nf5 Bd2 30. Kf3 Rf8 31. R1g4 d5 32. Ra7 dxe4+ 33. dxe4 Rg6 34. Rh4 h6 35. Nxh6 Rxf4+ 36. Rxf4 Bxf4 37. Nf7+ Kg8 38. Kxf4 Rg2 39. Nh6+ Kf8 40. Ng4 Rxc2 41. Nf6 1-0

[Event "LSS No Engine Cup 41 Preliminary 1"]
[Site "LSS email"]
[Date "2011.04.17"]
[Round "?"]
[White "Lombardi, Donato"]
[Black "Kubat, Slavko"]
[Result "0-1"]
[WhiteElo "856"]
[BlackElo "1777"]
[PlyCount "62"]
[EventDate "2011.04.18"]
[EventType "tourn (corr)"]
[EventRounds "6"]
[EventCountry "GER"]
[SourceTitle "Telechess CBM 151"]
[Source "ChessBase"]
[SourceDate "2012.11.13"]
[SourceVersion "1"]
[SourceVersionDate "2012.11.13"]
[SourceQuality "1"]

1. e4 e5 2. Nf3 Nc6 3. d4 exd4 4. Nxd4 Nf6 5. Nc3 Bb4 6. Nxc6 bxc6 7. Bd3 d5 8. exd5 cxd5 9. 0-0 0-0 10. Bg5 c6 11. Ne2 Re8 12. a3 Bd6 13. h3 Be5 14. Ng3 Bxb2 15. Rb1 h6 16. Bxh6 Bxa3 17. Bg5 Be7 18. Bf5 Ne4 19. Bxe7 Qxe7 20. Bxc8 Nc3 21. Qg4 Nxb1 22. Rxb1 Raxc8 23. Nf5 Qf6 24. Rb7 Ra8 25. Qf4 Kf8 26. g4 g6 27. Qd6+ Qxd6 28. Nxd6 Re7 29. Rb3 a5 30. f4 a4 31. Ra3 Rd7 0-1

[Event "LSS No Engine Cup 31 Preliminary 5"]
[Site "LSS email"]
[Date "2010.11.22"]
[Round "?"]
[White "Kubat, Slavko"]
[Black "Herzog, Klaus"]
[Result "0-1"]
[WhiteElo "1654"]
[BlackElo "1802"]
[PlyCount "78"]
[EventDate "2010.11.23"]
[EventType "tourn (corr)"]
[EventRounds "6"]
[EventCountry "GER"]
[SourceTitle "Telechess CBM 145"]
[Source "Chessbase"]
[SourceDate "2011.11.11"]
[SourceVersion "1"]
[SourceVersionDate "2011.11.11"]
[SourceQuality "1"]

1. e4 e5 2. Nf3 Nc6 3. Bb5 a6 4. Ba4 Nf6 5. 0-0 b5 6. Bb3 Nxe4 7. d4 d5 8. dxe5 Be6 9. Be3 Be7 10. c3 0-0 11. Nbd2 Qd7 12. Re1 Nxd2 13. Qxd2 Na5 14. Bc2 Nc4 15. Qd3 g6 16. Bh6 Nxb2 17. Qd4 Rfb8 18. Ng5 c5 19. Qf4 b4 20. a3 b3 21. Bb1 Nc4 22. Bd3 b2 23. Rad1 Nxa3 24. h4 Rb3 25. c4 d4 26. Ne4 Qa7 27. Nf6+ Kh8 28. Nd5 Bxd5 29. cxd5 Kg8 30. e6 f6 31. d6 Rd8 32. dxe7 Qxe7 33. h5 c4 34. Bb1 g5 35. Qg4 Nxb1 36. f4 Nc3 37. fxg5 f5 38. Qxf5 Rb5 39. Qf6 Rb7 0-1

[Event "OP-2010-0-01184"]
[Site "LSS email"]
[Date "2010.06.20"]
[Round "?"]
[White "Venturas, Bob"]
[Black "Kubat, Slavko"]
[Result "0-1"]
[WhiteElo "580"]
[BlackElo "1900"]
[PlyCount "48"]
[EventDate "2010.06.08"]
[EventType "tourn (corr)"]
[EventRounds "4"]
[EventCountry "GER"]
[SourceTitle "Telechess CBM 143"]
[Source "ChessBase"]
[SourceDate "2011.07.15"]
[SourceVersion "1"]
[SourceVersionDate "2011.07.15"]
[SourceQuality "1"]

1. e4 e5 2. Nf3 Nc6 3. a3 f5 4. d4 fxe4 5. Nxe5 Nf6 6. Be2 Qe7 7. Bf4 d6 8. Nc4 Nd5 9. Bg3 Bf5 10. Bh5+ g6 11. Bg4 Qf7 12. 0-0 h5 13. Be2 h4 14. Bg4 hxg3 15. fxg3 Qh7 16. h3 0-0-0 17. b4 Bg7 18. Bxf5+ gxf5 19. c3 Nxc3 20. Nxc3 Bxd4+ 21. Ne3 Bxe3+ 22. Kh1 Ne5 23. Nd5 Ng4 24. Re1 Nf2+ 0-1

[Event "OP-2010-0-01131"]
[Site "LSS email"]
[Date "2010.04.08"]
[Round "?"]
[White "Kubat, Slavko"]
[Black "Latib, Yunus"]
[Result "0-1"]
[WhiteElo "1659"]
[BlackElo "1929"]
[PlyCount "70"]
[EventDate "2010.04.04"]
[EventType "tourn (corr)"]
[EventRounds "4"]
[EventCountry "GER"]
[SourceTitle "Telechess CBM 147"]
[Source "ChessBase"]
[SourceDate "2012.03.16"]
[SourceVersion "1"]
[SourceVersionDate "2012.03.16"]
[SourceQuality "1"]

1. e4 c5 2. Nf3 d6 3. d4 cxd4 4. Nxd4 Nf6 5. Nc3 Bd7 6. Bc4 Nc6 7. 0-0 g6 8. Nxc6 Bxc6 9. Nd5 Bg7 10. Bg5 Bxd5 11. exd5 0-0 12. Re1 Qd7 13. Bb3 Qf5 14. Bh4 Rfe8 15. Qd2 a5 16. a4 Ne4 17. Qd3 Nc5 18. Qxf5 gxf5 19. Bc4 Bxb2 20. Rab1 Bf6 21. Bxf6 exf6 22. Bb5 Re5 23. Rxe5 fxe5 24. f3 Kg7 25. Kf2 Kf6 26. g3 h5 27. Re1 h4 28. Rb1 Rh8 29. Kg2 Kg5 30. Bd3 Nxa4 31. Rxb7 e4 32. f4+ Kf6 33. Bc4 Rc8 34. Bb3 Nc3 35. Ra7 e3 0-1